书目信息 |
| 题名: |
工程动力学
|
|
| 作者: | 贾启芬 , 刘习军 编 | |
| 分册: | ||
| 出版信息: | 天津 天津大学出版社 1999.8 |
|
| 页数: | 438页 | |
| 开本: | 20cm | |
| 丛书名: | ||
| 单 册: | ||
| 中图分类: | TB122 | |
| 科图分类: | ||
| 主题词: | 工程力学 | |
| 电子资源: | ||
| ISBN: | 7-5618-1223-X | |
| 000 | 00588nam0 2200205 45 | |
| 001 | 0230814432 | |
| 005 | 2002041708333424 | |
| 010 | @a7-5618-1223-X@dRMB 19.00 | |
| 100 | @a20020417d1999 km y0chiy0120 ea | |
| 101 | 0 | @achi |
| 102 | @aCN@b120000 | |
| 200 | 1 | @a工程动力学@AGong Cheng Dong Li Xue@f贾启芬,刘习军编@FJia Qi Fen,Liu Xi Jun Bian |
| 210 | @a天津@c天津大学出版社@d1999.8 | |
| 215 | @a438页@d20cm | |
| 606 | 0 | @a工程力学 |
| 690 | @aTB122@v3 | |
| 701 | 0 | @a贾启芬@AJia Qi Fen@4编 |
| 701 | 0 | @a刘习军@ALiu Xi Jun@4编 |
| 801 | 0 | @aCN@bPFT@c20020417 |
| 905 | @a安徽大学@dTB122@eJ243 | |
| 工程动力学/贾启芬,刘习军编.-天津:天津大学出版社,1999.8 |
| 438页;20cm |
| ISBN 7-5618-1223-X:RMB 19.00 |
| ● |
| 相关链接 |
|
|
|
正题名:工程动力学
索取号:TB122/J243
 
预约/预借
| 序号 | 登录号 | 条形码 | 馆藏地/架位号 | 状态 | 备注 |
| 1 | 356777 | 203567773 | 自科库501/501自科库 4排1列1层/ [索取号:TB122/J243] | 在馆 | |
| 2 | 356778 | 203567782 | 期刊室512/501自科库 4排1列1层/ [索取号:TB122/J243] | 在馆 | |
| 3 | 356779 | 203567791 | 自科库501/501自科库 4排1列1层/ [索取号:TB122/J243] | 在馆 | |
| 4 | 64537 | 200645374 | 期刊室512/501自科库 4排1列1层/ [索取号:TB122/J243] | 在馆 | |
| 5 | 64538 | 200645383 | 期刊室512/501自科库 4排1列1层/ [索取号:TB122/J243] | 在馆 | |
| 6 | 64539 | 200645392 | 期刊室512/501自科库 4排1列1层/ [索取号:TB122/J243] | 在馆 | |
| 7 | 64540 | 200645409 | 期刊室512/501自科库 4排1列1层/ [索取号:TB122/J243] | 在馆 | |
| 8 | 64541 | 200645418 | 期刊室512/501自科库 4排1列1层/ [索取号:TB122/J243] | 在馆 | |
| 9 | 64542 | 200645427 | 期刊室512/501自科库 4排1列1层/ [索取号:TB122/J243] | 在馆 | |
| 10 | 64543 | 200645436 | 期刊室512/501自科库 4排1列1层/ [索取号:TB122/J243] | 在馆 | |
| 11 | 64544 | 200645445 | 期刊室512/501自科库 4排1列1层/ [索取号:TB122/J243] | 在馆 | |
| 12 | 64545 | 200645454 | 期刊室512/501自科库 4排1列1层/ [索取号:TB122/J243] | 在馆 | |
| 13 | 64546 | 200645463 | 期刊室512/501自科库 4排1列1层/ [索取号:TB122/J243] | 在馆 |